Представление документа в формате RUSMARC

ПолеНазваниеЗначение
  Тип записи a
  Библиографический уровень a
001 Контрольный номер RU/CBS_UL/BASE/fd45f51adc794a24b909ff5482b4ca20
005 Дата корректировки 20231120110629.8
100 Данные общей обработки __
a Данные общей обработки 20231120 ||| 0rusy0189 ca
101 Язык документа 0_
a Язык текста rus
102 Страна публикации __
a Страна публикации RU
200 Заглавие и сведения об ответственности 1_
a Заглавие Рогатый корень
e Сведения, относящиеся к заглавию [имбирь - полезные свойства, рецепты, применение]
f Первые сведения об ответственности А. Филин
300 Общие примечания __
a Общие примечания 16+
461 Уровень набора _0
1 2000
a Предупреждение плюс
463 Уровень физической единицы _0
1 2000
a № 8
v С. 118-127
1 2101
d 2023
1 001RU/CBS_UL/BASE/ed4565e11fea4980bb34b4a95d7e4469
606 Тематические рубрики 0_
a Основная рубрика Имбирь
610 Ключевые слова 0_
a Ключевые слова имбирь
610 Ключевые слова 0_
a Ключевые слова лечебные свойства имбиря
610 Ключевые слова 0_
a Ключевые слова польза имбиря
610 Ключевые слова 0_
a Ключевые слова рецепты с имбирем
686 Индексы других классификаций __
a Классификационный индекс 51.23
700 Автор _1
a Фамилия Филин
b Имя (инициалы) А.
801 Источник записи _0
a Страна RU
b Организация МБУК ЦБС г. Ульяновска
c Дата составления 20231120
g Правила каталогизации RCR
801 Источник записи _1
a Страна RU
b Организация МБУК ЦБС г. Ульяновска
c Дата составления 20231120
g Правила каталогизации RCR
901 Тип документа __
t Тип документа b
w Контрольный № источника RU/CBS_UL/BASE/ed4565e11fea4980bb34b4a95d7e4469